Chopin
Wedi'i Gadw mewn:
| Prif Awdur: | |
|---|---|
| Fformat: | Llyfr |
| Iaith: | Sbaeneg |
| Cyhoeddwyd: |
Madrid
Antonio Carmona
1947
|
| Pynciau: | |
| Tagiau: |
Ychwanegu Tag
Dim Tagiau, Byddwch y cyntaf i dagio'r cofnod hwn!
|
MARC
| LEADER | 00000nam a2200000 a 4500 | ||
|---|---|---|---|
| 001 | UCN1248 | ||
| 003 | CL-VaPUC | ||
| 008 | 010420e19470000SP |||||||||||||||||spa|d | ||
| 082 | 0 | 4 | |a 780.92 |b PAN |2 21 |
| 100 | |a Pantorba, Bernardino de |e autor |9 537243 | ||
| 245 | 1 | 0 | |a Chopin |
| 300 | |a 216 p | ||
| 942 | |c BK | ||
| 945 | |d 20010420 00:00:00 |a crobeson | ||
| 260 | |a Madrid |b Antonio Carmona |c 1947 | ||
| 600 | 0 | |a Chopin, Frederic |9 306591 | |
| 650 | 7 | |a COMPOSITORES POLACOS |2 CL-VaPUC |9 456748 | |
| 650 | 0 | |a Pianistas |9 306502 | |
| 650 | 7 | |a MUSICOS POLACOS |2 CL-VaPUC |9 456749 | |
| 583 | |a last modification |c 20010420 00:00:00 |k Rodrigo Vera | ||
| 999 | |c 294823 |d 294821 | ||
| 952 | |0 0 |1 0 |4 0 |6 780_920000000000000_PAN_1947 |7 0 |8 A |9 347555 |a BIBEDU |b BIBEDU |d 2019-11-20 |i 1249800 |o 780.92 PAN 1947 |p 1249800 |r 2023-01-12 |w 2019-11-20 |y BK |k MUS | ||